[Event "Adelboden op 8th"]
[Site "Adelboden"]
[Date "2021.12.11"]
[Round "3"]
[White "Delmonico, Nils"]
[Black "Rexhepi, Bashkim"]
[Result "1-0"]
[WhiteElo "1954"]
[BlackElo "1554"]
[PlyCount "71"]
[EventDate "2021.12.10"]
[EventType "swiss"]
[EventRounds "5"]
[EventCountry "SUI"]
[SourceTitle "CBM 205 Extra"]
[Source "ChessBase"]
[SourceDate "2022.01.31"]
[SourceVersion "1"]
[SourceVersionDate "2022.01.31"]
[SourceQuality "1"]

1. d4 e6 2. Nf3 Nf6 3. Bg5 Be7 4. c3 Ne4 5. Bxe7 Qxe7 6. e3 d5 7. Bd3 b6 8. 0-0 0-0 9. Qe2 Nd7 10. Nbd2 Ndf6 11. Ne5 Bb7 12. Rfe1 a6 13. Nf1 Qd6 14. f3 Ng5 15. h4 Nge4 16. fxe4 dxe4 17. Bc2 c5 18. Bb3 b5 19. Ng4 Nxg4 20. Qxg4 c4 21. Bc2 f5 22. Qf4 Qe7 23. a3 Bc6 24. Ng3 Be8 25. Rf1 Rf6 26. Qe5 Ra7 27. d5 Rg6 28. h5 Rh6 29. dxe6 Qh4 30. Nxf5 Qg5 31. Nxh6+ gxh6 32. Qxg5+ hxg5 33. Rad1 Re7 34. Bxe4 Bxh5 35. Rd8+ Kg7 36. Rd7 1-0